| 000 | 00834nam a2200229 i 4500 | ||
|---|---|---|---|
| 001 | bg | ||
| 100 | 1 | _aCZECH, Ludmiła | |
| 245 | 1 | 0 |
_aZastosowania niektórych rezultatów geometrii konstrukcyjnej w inżynierii / _cLudmiła Czech. |
| 260 |
_aKraków : _bPK, _c1995. |
||
| 300 |
_a45 s. : _brys., wykr. ; _c24 cm. |
||
| 490 | 1 |
_aMonografia / Politechnika Krakowska im. Tadeusza Kościuszki. Inżynieria Lądowa, _x0860-097X ; _v192 |
|
| 504 | _aBibliogr. s. 34-40. - Summ., Zsfassung. | ||
| 650 | 9 | _aGeometria rzutowa | |
| 650 | 9 | _aGeometria wykreślna | |
| 650 | 9 |
_aTechnika _xzagadnienia |
|
| 830 | 0 |
_aMonografia (Politechnika Krakowska im. Tadeusza Kościuszki). _pInżynieria Lądowa |
|
| 040 | _cBPK | ||
| 041 | 0 |
_apol _bengger |
|
| 080 | _a531/534:514.1]::62 | ||
| 942 | _cKS | ||
| 008 | s pl f |000 0 pol | ||
| 999 |
_c30704 _d30704 |
||
| 856 |
_uhttp://koha.tu.koszalin.pl/cgi-bin/koha/opac-detail.pl?biblionumber=30704 _yKatalog online BPK |
||